Statistics for Pictures by Letter - F

Click here to take the quiz!

General Stats

  • This quiz has been taken 21,930 times
  • The average score is 12 of 16

Answer Stats

Answer% Correct
Ferrari
98%
Fairy
97%
Fingerprint
96%
Finland
95%
Falcon
93%
Fuji
88%
Fedora
81%
Fig
77%
Fez
76%
Fondue
68%
Flea
66%
Florence
58%
Freud
58%
Fabergé
53%
Flan
53%
Fractal
24%

Score Distribution

Percentile by Number Answered

Percent of People with Each Score

Your Score History

You have not taken this quiz